Catálogo

Educational research : (Registro nro. 36164)

Detalles MARC
000 -LEADER
fixed length control field 01507nam a2200325 a 4500
001 - CONTROL NUMBER
control field 36164
003 - CONTROL NUMBER IDENTIFIER
control field Mx-PuUPA
005 - DATE AND TIME OF LATEST TRANSACTION
control field 20260519083928.0
008 - FIXED-LENGTH DATA ELEMENTS--GENERAL INFORMATION
fixed length control field 140415s2025 nju fr 000 0 eng d
020 ## - INTERNATIONAL STANDARD BOOK NUMBER
International Standard Book Number 9780138161194
040 ## - CATALOGING SOURCE
Transcribing agency Mx-PuUPA
Original cataloging agency Mx-PuUPA
Language of cataloging spa
Modifying agency Mx-PuUPA
Description conventions rda
041 0# - LANGUAGE CODE
Language code of text/sound track or separate title eng
100 1# - MAIN ENTRY--PERSONAL NAME
Personal name Creswell, John W.,
Dates associated with a name 1945-
Relator term autor
9 (RLIN) 6493
245 10 - TITLE STATEMENT
Title Educational research :
Remainder of title planning, conducting, and evaluating quantitative and qualitative research /
Statement of responsibility, etc. John W. Creswell, Timothy C. Guetterman
250 ## - EDITION STATEMENT
Edition statement Seventh edition
264 #1 - PRODUCTION, PUBLICATION, DISTRIBUTION, MANUFACTURE, AND COPYRIGHT NOTICE
Place of production, publication, distribution, manufacture River Street, Hoboken, NJ :
Name of producer, publisher, distributor, manufacturer Pearson Education,
Date of production, publication, distribution, manufacture, or copyright notice ©2025
300 ## - PHYSICAL DESCRIPTION
Extent xxiv, 677 páginas :
Other physical details diagramas, tablas ;
Dimensions 26 cm
336 ## - CONTENT TYPE
Fuente rdacontent
Content type term texto
Content type code txt
337 ## - MEDIA TYPE
Source rdamedia
Media type term sin medio
Media type code n
338 ## - CARRIER TYPE
Source rdacarrier
Carrier type term volumen
Carrier type code nc
650 #7 - SUBJECT ADDED ENTRY--TOPICAL TERM
Source of heading or term armarc
Topical term or geographic name entry element Educación
General subdivision Investigación
-- Metodología
700 1# - ADDED ENTRY--PERSONAL NAME
Personal name Guetterman, Timothy C.,
Relator term autor
942 ## - ADDED ENTRY ELEMENTS (KOHA)
Source of classification or shelving scheme Dewey Decimal Classification
Koha item type Libro
Classification part 370.72
Item part C52
Existencias
Withdrawn status Lost status Source of classification or shelving scheme Damaged status Not for loan Collection code Home library Current library Shelving location Date acquired Source of acquisition Cost, normal purchase price Total Checkouts Full call number Barcode Date last seen Cost, replacement price Price effective from Koha item type Copy number
    Dewey Decimal Classification     General Biblioteca Karol Wojtyla Biblioteca Karol Wojtyla Sala general 17/06/2025 2 3541.44   370.72 C52 2025 106099 05/01/2026 3541.44 17/06/2025 Reserva permanente  
    Dewey Decimal Classification   Consulta en sala Infantil Biblioteca Karol Wojtyla Biblioteca Karol Wojtyla Procesos técnicos 20/05/2026 2 3375.90     106639 20/05/2026 3375.90 20/05/2026 Reserva permanente Ej.2